Newquay Airport Destinations (Newquay, UK) - Statistics

General Stats
  • This quiz has been taken 58 times
    20 since last reset
  • The average score is 13 of 16
Answer Stats
Airline Destination % Correct
Aer Lingus/Ryanair Dublin
100%
Loganair/Ryanair Edinburgh
100%
Loganair Isle of Man
100%
easyJet/Loganair Manchester
100%
Loganair Glasgow
95%
Isles of Scilly Skybus London (Gatwick)
95%
Ryanair London (Stansted)
95%
Aer Lingus Belfast (City)
89%
Loganair Aberdeen
84%
Loganair Newcastle upon Tyne
84%
Edelweiss Air Zürich
79%
Eurowings Düsseldorf
68%
Ryanair Alicante
47%
Ryanair Faro
47%
Ryanair Málaga
37%
Isles of Scilly Skybus Isles of Scilly
32%
No matching quizzes found
Score Distribution
Percent of People with Each Score
Percentile by Number Answered
Your Score History
You have not taken this quiz since the last reset